[Event "Masters Tournament (MTO)"]
[Site "Biel, CH"]
[Date "2025.07.16"]
[Round "3"]
[White "Cordes, Jule"]
[Black "Sushanth Kamabathula"]
[Result "0-1"]
[Board "32"]
[WhiteFideId "1060708"]
[BlackFideId "25712667"]
[WhiteElo "1946"]
[BlackElo "2188"]
[WhiteTeam "NED"]
[BlackTeam "IND"]
[WhiteClock "0:00:33"]
[BlackClock "1:08:47"]
[Variant "Standard"]

1. d4 {[%clk 1:40:58]}  Nf6 {[%clk 1:40:47]} 2. c4 {[%clk 1:41:20]}  g6 {[%clk 1:41:03]} 3. f3 {[%clk 1:41:40]}  Bg7 {[%clk 1:41:00]} 4. e4 {[%clk 1:42:02]}  d6 {[%clk 1:41:23]} 5. Nc3 {[%clk 1:42:17]}  O-O {[%clk 1:41:22]} 6. Nge2 {[%clk 1:42:31]}  a6 {[%clk 1:41:21]} 7. Be3 {[%clk 1:42:21]}  b5 {[%clk 1:41:39]} 8. g4 {[%clk 1:42:17]}  b4 {[%clk 1:31:54]} 9. Nb1 {[%clk 1:27:19]}  Nc6 {[%clk 1:25:51]} 10. h4 {[%clk 1:18:55]}  e5 {[%clk 1:18:04]} 11. d5 {[%clk 1:14:05]}  Nd4 {[%clk 1:24:30]} 12. Nxd4 {[%clk 1:11:07]}  exd4 {[%clk 1:24:54]} 13. Bxd4 {[%clk 1:10:17]}  Re8 {[%clk 0:53:14]} 14. Nd2 {[%clk 0:34:05]}  Bxg4 {[%clk 1:22:14]} 15. Bxf6 {[%clk 0:33:06]}  Bxf6 {[%clk 1:20:59]} 16. fxg4 {[%clk 0:33:29]}  Bxh4+ {[%clk 1:20:50]} 17. Ke2 {[%clk 0:32:53]}  Qf6 {[%clk 1:20:16]} 18. Qb3 {[%clk 0:17:20]}  Qf2+ {[%clk 1:19:17]} 19. Kd1 {[%clk 0:06:45]}  Bg5 {[%clk 1:09:38]} 20. Be2 {[%clk 0:05:42]}  Bxd2 {[%clk 1:09:41]} 21. Kxd2 {[%clk 0:02:22]}  Rxe4 {[%clk 1:09:49]} 22. Qf3 {[%clk 0:01:05]}  Qd4+ {[%clk 1:10:02]} 23. Kc2 {[%clk 0:01:06]}  Re3 {[%clk 1:09:39]} 24. Qg2 {[%clk 0:01:30]}  Rae8 {[%clk 1:09:14]} 25. Rhe1 {[%clk 0:00:42]}  Rc3+ {[%clk 1:09:15]} 26. Kb1 {[%clk 0:00:33]}  Qe4+ {[%clk 1:08:47]} 0-1

[Event "Masters Tournament (MTO)"]
[Site "Biel, CH"]
[Date "2025.07.16"]
[Round "3"]
[White "Gao, Kai"]
[Black "Gut, Raphael"]
[Result "*"]
[Board "33"]
[WhiteFideId "8607770"]
[BlackFideId "1339974"]
[WhiteElo "1906"]
[BlackElo "2147"]
[WhiteTeam "CHN"]
[BlackTeam "SUI"]
[WhiteClock "0:12:04"]
[BlackClock "0:16:56"]
[Variant "Standard"]

1. e4 {[%clk 1:40:57]}  c5 {[%clk 1:40:57]} 2. Nf3 {[%clk 1:41:14]}  d6 {[%clk 1:41:23]} 3. Bb5+ {[%clk 1:41:15]}  Nd7 {[%clk 1:41:48]} 4. d4 {[%clk 1:40:56]}  cxd4 {[%clk 1:42:14]} 5. Qxd4 {[%clk 1:41:15]}  a6 {[%clk 1:42:18]} 6. Bxd7+ {[%clk 1:41:05]}  Qxd7 {[%clk 1:42:14]} 7. c4 {[%clk 1:41:10]}  e5 {[%clk 1:41:07]} 8. Qd3 {[%clk 1:41:07]}  f5 {[%clk 1:34:20]} 9. Nc3 {[%clk 1:40:24]}  Nf6 {[%clk 1:33:12]} 10. O-O {[%clk 1:32:41]}  Be7 {[%clk 1:28:14]} 11. Bg5 {[%clk 1:23:04]}  O-O {[%clk 1:19:31]} 12. Rad1 {[%clk 1:06:04]}  fxe4 {[%clk 1:03:10]} 13. Nxe4 {[%clk 1:06:28]}  Nxe4 {[%clk 1:03:18]} 14. Qxe4 {[%clk 1:05:08]}  Qe6 {[%clk 0:55:29]} 15. b3 {[%clk 0:59:06]}  Kh8 {[%clk 0:53:41]} 16. Qd5 {[%clk 0:54:16]}  Qxd5 {[%clk 0:39:49]} 17. Rxd5 {[%clk 0:54:37]}  Bxg5 {[%clk 0:39:22]} 18. Nxg5 {[%clk 0:55:02]}  b5 {[%clk 0:39:04]} 19. Rxd6 {[%clk 0:51:29]}  bxc4 {[%clk 0:38:38]} 20. bxc4 {[%clk 0:51:49]}  Rb8 {[%clk 0:38:49]} 21. Rfd1 {[%clk 0:43:49]}  h6 {[%clk 0:36:59]} 22. Rd8 {[%clk 0:34:42]}  Kg8 {[%clk 0:37:03]} 23. Ne4 {[%clk 0:22:28]}  Bf5 {[%clk 0:35:17]} 24. Rxb8 {[%clk 0:13:32]}  Rxb8 {[%clk 0:35:45]} 25. Nc5 {[%clk 0:13:50]}  a5 {[%clk 0:24:58]} 26. f3 {[%clk 0:11:33]}  Rb2 {[%clk 0:23:38]} 27. a4 {[%clk 0:11:58]}  Rc2 {[%clk 0:23:18]} 28. Rd8+ {[%clk 0:12:11]}  Kf7 {[%clk 0:23:34]} 29. Nb7 {[%clk 0:10:37]}  Rxc4 {[%clk 0:20:27]} 30. Nd6+ {[%clk 0:11:00]}  Ke7 {[%clk 0:20:56]} 31. Nxc4 {[%clk 0:11:21]}  Kxd8 {[%clk 0:21:25]} 32. Nxa5 {[%clk 0:11:13]}  Bc2 {[%clk 0:20:44]} 33. Nb7+ {[%clk 0:09:47]}  Kc7 {[%clk 0:19:47]} 34. Nc5 {[%clk 0:11:11]}  Kc6 {[%clk 0:19:20]} 35. Ne6 {[%clk 0:11:21]}  Bxa4 {[%clk 0:16:37]} 36. Nxg7 {[%clk 0:11:46]}  Bc2 {[%clk 0:16:57]} 37. Kf2 {[%clk 0:12:04]}  Kd6 {[%clk 0:16:56]} *

[Event "Masters Tournament (MTO)"]
[Site "Biel, CH"]
[Date "2025.07.16"]
[Round "3"]
[White "Gafner, Lancelot"]
[Black "Vihaan Dumir"]
[Result "*"]
[Board "34"]
[WhiteFideId "1345818"]
[BlackFideId "25901010"]
[BlackTitle "CM"]
[WhiteElo "1901"]
[BlackElo "2143"]
[WhiteTeam "SUI"]
[BlackTeam "IND"]
[WhiteClock "0:08:20"]
[BlackClock "0:18:14"]
[Variant "Standard"]

1. e4 {[%clk 1:39:26]}  c6 {[%clk 1:40:51]} 2. d4 {[%clk 1:39:10]}  d5 {[%clk 1:41:19]} 3. e5 {[%clk 1:39:34]}  c5 {[%clk 1:41:44]} 4. dxc5 {[%clk 1:40:01]}  e6 {[%clk 1:42:09]} 5. Be3 {[%clk 1:40:24]}  Nd7 {[%clk 1:42:37]} 6. Bb5 {[%clk 1:40:46]}  Ne7 {[%clk 1:43:05]} 7. Bd4 {[%clk 1:37:38]}  Qc7 {[%clk 1:31:58]} 8. Nf3 {[%clk 1:34:53]}  Nc6 {[%clk 1:30:44]} 9. Bxc6 {[%clk 1:35:06]}  bxc6 {[%clk 1:24:48]} 10. b4 {[%clk 1:35:22]}  a5 {[%clk 1:25:16]} 11. a3 {[%clk 1:35:37]}  Ba6 {[%clk 1:19:52]} 12. Nbd2 {[%clk 1:25:03]}  Be7 {[%clk 1:24:12]} 13. c4 {[%clk 1:23:31]}  dxc4 {[%clk 1:10:01]} 14. Qc2 {[%clk 1:20:35]}  Qb7 {[%clk 1:05:34]} 15. Qc3 {[%clk 1:19:51]}  O-O {[%clk 1:02:09]} 16. O-O {[%clk 1:19:41]}  Rfb8 {[%clk 0:56:50]} 17. Rab1 {[%clk 1:14:54]}  axb4 {[%clk 0:57:00]} 18. axb4 {[%clk 1:15:06]}  Bb5 {[%clk 0:49:27]} 19. Ra1 {[%clk 1:06:56]}  Rxa1 {[%clk 0:51:40]} 20. Rxa1 {[%clk 1:03:28]}  Nf8 {[%clk 0:50:22]} 21. Rb1 {[%clk 0:58:18]}  Ng6 {[%clk 0:49:00]} 22. g3 {[%clk 0:56:28]}  Qa6 {[%clk 0:42:07]} 23. Ra1 {[%clk 0:52:35]}  Qb7 {[%clk 0:43:41]} 24. Rb1 {[%clk 0:52:59]}  Bf8 {[%clk 0:38:27]} 25. Nxc4 {[%clk 0:47:33]}  Bxc4 {[%clk 0:37:18]} 26. Qxc4 {[%clk 0:48:42]}  Ne7 {[%clk 0:37:46]} 27. Ne1 {[%clk 0:46:58]}  Nd5 {[%clk 0:32:42]} 28. Nc2 {[%clk 0:44:43]}  Be7 {[%clk 0:29:49]} 29. Ne3 {[%clk 0:38:47]}  Nc7 {[%clk 0:23:38]} 30. Nc2 {[%clk 0:30:23]}  Ra8 {[%clk 0:06:47]} 31. Ra1 {[%clk 0:15:51]}  Rxa1+ {[%clk 0:19:41]} 32. Bxa1 {[%clk 0:15:55]}  Qa8 {[%clk 0:19:01]} 33. Bc3 {[%clk 0:14:30]}  Qa4 {[%clk 0:18:08]} 34. Ne3 {[%clk 0:09:08]}  Bg5 {[%clk 0:16:15]} 35. Qd3 {[%clk 0:08:20]}  Nb5 {[%clk 0:18:14]} *

[Event "Masters Tournament (MTO)"]
[Site "Biel, CH"]
[Date "2025.07.16"]
[Round "3"]
[White "Hirzel, Cedric"]
[Black "Chen, Jun-Wei"]
[Result "*"]
[Board "35"]
[WhiteFideId "1341910"]
[BlackFideId "16304128"]
[WhiteElo "2141"]
[BlackElo "1906"]
[WhiteTeam "SUI"]
[BlackTeam "TPE"]
[WhiteClock "0:28:59"]
[BlackClock "1:08:40"]
[Variant "Standard"]

1. d4 {[%clk 1:38:24]}  Nf6 {[%clk 1:40:53]} 2. c4 {[%clk 1:38:46]}  e6 {[%clk 1:41:19]} 3. Nf3 {[%clk 1:38:29]}  d5 {[%clk 1:41:44]} 4. g3 {[%clk 1:38:39]}  Bb4+ {[%clk 1:42:07]} 5. Bd2 {[%clk 1:39:03]}  Be7 {[%clk 1:42:31]} 6. Bg2 {[%clk 1:39:29]}  O-O {[%clk 1:42:51]} 7. Qc2 {[%clk 1:39:57]}  c6 {[%clk 1:43:06]} 8. O-O {[%clk 1:40:20]}  Nbd7 {[%clk 1:43:30]} 9. Rd1 {[%clk 1:40:28]}  Ne4 {[%clk 1:43:52]} 10. Be3 {[%clk 1:40:24]}  Nd6 {[%clk 1:42:47]} 11. b3 {[%clk 1:38:17]}  Nf5 {[%clk 1:42:58]} 12. Bc1 {[%clk 1:37:37]}  b5 {[%clk 1:35:54]} 13. Nbd2 {[%clk 1:32:06]}  Ba6 {[%clk 1:11:29]} 14. e4 {[%clk 1:12:38]}  dxe4 {[%clk 1:23:45]} 15. Nxe4 {[%clk 1:12:44]}  bxc4 {[%clk 1:23:54]} 16. bxc4 {[%clk 1:13:03]}  Nb6 {[%clk 1:24:11]} 17. Ne5 {[%clk 1:12:58]}  Nxd4 {[%clk 1:18:39]} 18. Rxd4 {[%clk 1:11:26]}  Qxd4 {[%clk 1:21:30]} 19. Bb2 {[%clk 1:11:12]}  Qd8 {[%clk 1:21:39]} 20. Nxc6 {[%clk 1:09:57]}  Qc7 {[%clk 1:17:41]} 21. Qc3 {[%clk 0:59:24]}  f6 {[%clk 1:14:47]} 22. Nxe7+ {[%clk 0:55:18]}  Qxe7 {[%clk 1:18:18]} 23. Ba3 {[%clk 0:54:28]}  Qc7 {[%clk 1:13:38]} 24. Nc5 {[%clk 0:46:03]}  Bc8 {[%clk 1:13:48]} 25. Bxa8 {[%clk 0:29:57]}  Nxa8 {[%clk 1:07:56]} 26. Na6 {[%clk 0:23:47]}  Bxa6 {[%clk 1:07:57]} 27. Bxf8 {[%clk 0:24:06]}  Qc6 {[%clk 1:05:40]} 28. Ba3 {[%clk 0:22:22]}  Bxc4 {[%clk 1:07:03]} 29. Rd1 {[%clk 0:20:09]}  Nb6 {[%clk 1:02:54]} 30. Rd8+ {[%clk 0:11:26]}  Kf7 {[%clk 1:03:21]} 31. Qc2 {[%clk 0:11:20]}  f5 {[%clk 1:02:56]} 32. Qd1 {[%clk 0:10:14]}  Kg6 {[%clk 1:01:21]} 33. Bb2 {[%clk 0:09:35]}  Bxa2 {[%clk 0:57:55]} 34. Rd6 {[%clk 0:04:06]}  Qe4 {[%clk 0:47:50]} 35. Rd4 {[%clk 0:03:47]}  Qb1 {[%clk 0:42:56]} 36. Qxb1 {[%clk 0:03:53]}  Bxb1 {[%clk 0:43:24]} 37. Rd6 {[%clk 0:03:46]}  Ba2 {[%clk 0:39:35]} 38. Bd4 {[%clk 0:03:57]}  Bd5 {[%clk 0:39:27]} 39. Bxb6 {[%clk 0:04:22]}  axb6 {[%clk 0:39:53]} 40. Rxb6 {[%clk 0:04:45]}  Kf6 {[%clk 0:40:18]} 41. f4 {[%clk 0:04:52]}  g5 {[%clk 0:39:54]} 42. Kf2 {[%clk 0:01:31]}  Kg6 {[%clk 0:38:48]} 43. Ke3 {[%clk 0:01:02]}  h6 {[%clk 1:08:40]} 44. Rb8 {[%clk 0:28:59]} *

[Event "Masters Tournament (MTO)"]
[Site "Biel, CH"]
[Date "2025.07.16"]
[Round "3"]
[White "Bai, Xue"]
[Black "Schultze, Joerg-Martin, Dr."]
[Result "*"]
[Board "36"]
[WhiteFideId "8608717"]
[BlackFideId "12972070"]
[WhiteElo "2124"]
[BlackElo "1865"]
[WhiteTeam "CHN"]
[BlackTeam "GER"]
[WhiteClock "1:15:54"]
[BlackClock "0:27:58"]
[Variant "Standard"]

1. e4 {[%clk 1:40:55]}  c5 {[%clk 1:40:46]} 2. Nf3 {[%clk 1:41:18]}  e6 {[%clk 1:41:04]} 3. d4 {[%clk 1:41:41]}  cxd4 {[%clk 1:41:28]} 4. Nxd4 {[%clk 1:42:06]}  Nf6 {[%clk 1:41:48]} 5. Nc3 {[%clk 1:42:30]}  Nc6 {[%clk 1:42:12]} 6. Ndb5 {[%clk 1:39:21]}  Bc5 {[%clk 1:41:35]} 7. Nd6+ {[%clk 1:39:06]}  Ke7 {[%clk 1:40:41]} 8. Bf4 {[%clk 1:39:20]}  e5 {[%clk 1:40:24]} 9. Nf5+ {[%clk 1:39:40]}  Kf8 {[%clk 1:40:21]} 10. Be3 {[%clk 1:32:07]}  Bb4 {[%clk 1:39:53]} 11. Ng3 {[%clk 1:28:45]}  h5 {[%clk 1:28:18]} 12. Bc4 {[%clk 1:23:57]}  h4 {[%clk 1:26:22]} 13. Nge2 {[%clk 1:24:20]}  Na5 {[%clk 1:11:17]} 14. Bd5 {[%clk 1:22:37]}  d6 {[%clk 0:56:39]} 15. Bg5 {[%clk 1:17:00]}  Qb6 {[%clk 0:52:16]} 16. Bxf6 {[%clk 1:16:57]}  gxf6 {[%clk 0:52:28]} 17. Qd3 {[%clk 1:11:34]}  Bc5 {[%clk 0:43:29]} 18. Qf3 {[%clk 1:10:48]}  Rh6 {[%clk 0:40:02]} 19. Rb1 {[%clk 1:04:43]}  Bb4 {[%clk 0:32:18]} 20. a3 {[%clk 1:03:01]}  Bxc3+ {[%clk 0:32:32]} 21. Qxc3 {[%clk 1:02:57]}  Be6 {[%clk 0:31:59]} 22. Bxe6 {[%clk 1:02:10]}  fxe6 {[%clk 0:32:21]} 23. b4 {[%clk 1:02:22]}  d5 {[%clk 0:27:16]} 24. exd5 {[%clk 1:01:59]}  exd5 {[%clk 0:27:36]} 25. Rd1 {[%clk 1:02:20]}  Nc6 {[%clk 0:25:42]} 26. Rxd5 {[%clk 1:02:40]}  Rd8 {[%clk 0:20:22]} 27. Rxd8+ {[%clk 1:02:34]}  Qxd8 {[%clk 0:20:44]} 28. O-O {[%clk 0:58:37]}  Qd5 {[%clk 0:17:34]} 29. Qh3 {[%clk 0:57:05]}  Rg6 {[%clk 0:15:41]} 30. Nc3 {[%clk 0:56:51]}  Qd8 {[%clk 0:14:13]} 31. Qxh4 {[%clk 0:56:17]}  Kg7 {[%clk 0:12:22]} 32. Qe4 {[%clk 0:56:07]}  Qc8 {[%clk 0:10:13]} 33. Ne2 {[%clk 0:55:25]}  Rg4 {[%clk 0:09:38]} 34. Qe3 {[%clk 0:54:59]}  Qf5 {[%clk 0:07:56]} 35. b5 {[%clk 0:54:08]}  Nd4 {[%clk 0:05:02]} 36. Nxd4 {[%clk 0:53:58]}  Rxd4 {[%clk 0:05:22]} 37. c3 {[%clk 0:53:11]}  Ra4 {[%clk 0:05:17]} 38. Qc5 {[%clk 0:53:01]}  Qd7 {[%clk 0:04:34]} 39. b6 {[%clk 0:47:49]}  axb6 {[%clk 0:04:00]} 40. Qxb6 {[%clk 0:48:12]}  Rxa3 {[%clk 0:02:30]} 41. Qb2 {[%clk 0:48:32]}  Ra8 {[%clk 0:00:51]} 42. Rb1 {[%clk 0:48:17]}  b5 {[%clk 0:01:00]} 43. h3 {[%clk 0:47:50]}  Rc8 {[%clk 0:00:49]} 44. Qc2 {[%clk 0:46:16]}  Rc4 {[%clk 0:30:04]} 45. Rd1 {[%clk 1:16:26]}  Qc8 {[%clk 0:29:59]} 46. Rd3 {[%clk 1:16:02]}  e4 {[%clk 0:29:47]} 47. Rg3+ {[%clk 1:16:25]}  Kf7 {[%clk 0:28:43]} 48. Qd1 {[%clk 1:16:30]}  Qf5 {[%clk 0:28:56]} 49. Qd8 {[%clk 1:15:20]}  Rc8 {[%clk 0:28:35]} 50. Qb6 {[%clk 1:12:23]}  Qe5 {[%clk 0:27:58]} 51. Qb7+ {[%clk 1:15:54]} *

[Event "Masters Tournament (MTO)"]
[Site "Biel, CH"]
[Date "2025.07.16"]
[Round "3"]
[White "Hoffmann, Alexander"]
[Black "Gruenfeld, Yehuda"]
[Result "*"]
[Board "37"]
[WhiteFideId "16240219"]
[BlackFideId "2800020"]
[BlackTitle "GM"]
[WhiteElo "1872"]
[BlackElo "2367"]
[WhiteTeam "GER"]
[BlackTeam "ISR"]
[WhiteClock "0:00:54"]
[BlackClock "0:29:38"]
[Variant "Standard"]

1. c4 {[%clk 1:40:38]}  Nf6 {[%clk 1:40:51]} 2. g3 {[%clk 1:41:00]}  g6 {[%clk 1:39:39]} 3. Bg2 {[%clk 1:40:57]}  Bg7 {[%clk 1:40:42]} 4. Nc3 {[%clk 1:40:43]}  O-O {[%clk 1:41:07]} 5. e4 {[%clk 1:39:15]}  c5 {[%clk 1:34:27]} 6. Nge2 {[%clk 1:38:58]}  Nc6 {[%clk 1:34:52]} 7. O-O {[%clk 1:38:57]}  d6 {[%clk 1:34:46]} 8. d3 {[%clk 1:37:01]}  a6 {[%clk 1:35:05]} 9. Rb1 {[%clk 1:36:35]}  Rb8 {[%clk 1:29:43]} 10. Nd5 {[%clk 1:26:40]}  b5 {[%clk 1:19:24]} 11. b3 {[%clk 1:16:29]}  Bg4 {[%clk 1:06:05]} 12. Be3 {[%clk 1:09:26]}  Bxe2 {[%clk 1:14:52]} 13. Qxe2 {[%clk 1:08:56]}  Nd7 {[%clk 1:08:40]} 14. Qd2 {[%clk 0:59:38]}  e6 {[%clk 1:05:52]} 15. Nc3 {[%clk 0:57:15]}  Qa5 {[%clk 1:08:05]} 16. Rfc1 {[%clk 0:37:03]}  Nd4 {[%clk 0:57:13]} 17. f4 {[%clk 0:33:48]}  f5 {[%clk 0:39:29]} 18. Kh1 {[%clk 0:30:52]}  b4 {[%clk 0:38:48]} 19. Ne2 {[%clk 0:26:03]}  Qb6 {[%clk 0:39:04]} 20. Nxd4 {[%clk 0:23:11]}  cxd4 {[%clk 0:39:25]} 21. Bf2 {[%clk 0:23:05]}  Nc5 {[%clk 0:39:06]} 22. Re1 {[%clk 0:17:53]}  Kh8 {[%clk 0:38:52]} 23. g4 {[%clk 0:14:53]}  fxg4 {[%clk 0:36:14]} 24. e5 {[%clk 0:14:52]}  dxe5 {[%clk 0:35:59]} 25. fxe5 {[%clk 0:14:58]}  Nxd3 {[%clk 0:33:56]} 26. Qxd3 {[%clk 0:14:27]}  Rxf2 {[%clk 0:31:12]} 27. Re2 {[%clk 0:11:03]}  Rf4 {[%clk 0:33:23]} 28. Rf1 {[%clk 0:07:55]}  Rxf1+ {[%clk 0:32:42]} 29. Bxf1 {[%clk 0:08:23]}  Rf8 {[%clk 0:32:34]} 30. Bg2 {[%clk 0:08:00]}  Qc5 {[%clk 0:32:32]} 31. Qe4 {[%clk 0:07:55]}  Bh6 {[%clk 0:31:08]} 32. Re1 {[%clk 0:05:06]}  Be3 {[%clk 0:31:46]} 33. Rd1 {[%clk 0:03:38]}  a5 {[%clk 0:31:29]} 34. h3 {[%clk 0:02:48]}  Rf4 {[%clk 0:30:55]} 35. Qa8+ {[%clk 0:02:34]}  Kg7 {[%clk 0:31:17]} 36. Qb7+ {[%clk 0:02:29]}  Kh6 {[%clk 0:31:08]} 37. Qb8 {[%clk 0:02:21]}  gxh3 {[%clk 0:31:06]} 38. Bb7 {[%clk 0:01:32]}  Qe7 {[%clk 0:29:18]} 39. c5 {[%clk 0:00:54]}  Qf7 {[%clk 0:29:38]} *

[Event "Masters Tournament (MTO)"]
[Site "Biel, CH"]
[Date "2025.07.16"]
[Round "3"]
[White "Banh Gia Huy"]
[Black "Anetov, Amirzhan"]
[Result "*"]
[Board "38"]
[WhiteFideId "12424714"]
[BlackFideId "13784951"]
[WhiteTitle "IM"]
[WhiteElo "2445"]
[BlackElo "1993"]
[WhiteTeam "VIE"]
[BlackTeam "KAZ"]
[WhiteClock "0:19:29"]
[BlackClock "0:10:23"]
[Variant "Standard"]

1. c4 {[%clk 1:40:57]}  g6 {[%clk 1:40:48]} 2. g3 {[%clk 1:41:21]}  Bg7 {[%clk 1:41:14]} 3. Bg2 {[%clk 1:41:48]}  Nf6 {[%clk 1:41:26]} 4. Nf3 {[%clk 1:42:08]}  O-O {[%clk 1:41:10]} 5. O-O {[%clk 1:42:32]}  d6 {[%clk 1:41:38]} 6. Nc3 {[%clk 1:42:52]}  e5 {[%clk 1:42:01]} 7. d4 {[%clk 1:43:18]}  Nc6 {[%clk 1:42:26]} 8. dxe5 {[%clk 1:43:42]}  dxe5 {[%clk 1:42:53]} 9. Bg5 {[%clk 1:44:04]}  h6 {[%clk 1:43:17]} 10. Qxd8 {[%clk 1:43:33]}  Rxd8 {[%clk 1:43:43]} 11. Bxf6 {[%clk 1:43:59]}  Bxf6 {[%clk 1:44:06]} 12. Nd5 {[%clk 1:44:25]}  Kg7 {[%clk 1:44:33]} 13. Nxc7 {[%clk 1:44:49]}  Rb8 {[%clk 1:45:01]} 14. e4 {[%clk 1:44:47]}  g5 {[%clk 1:45:11]} 15. Nd5 {[%clk 1:40:21]}  Be6 {[%clk 1:40:47]} 16. Ne1 {[%clk 1:33:41]}  Nd4 {[%clk 1:33:04]} 17. Nd3 {[%clk 1:33:10]}  h5 {[%clk 1:27:11]} 18. h3 {[%clk 1:26:00]}  h4 {[%clk 1:24:03]} 19. g4 {[%clk 0:53:36]}  Ne2+ {[%clk 1:20:22]} 20. Kh2 {[%clk 0:53:55]}  Nf4 {[%clk 1:20:45]} 21. N3b4 {[%clk 0:50:23]}  Rdc8 {[%clk 1:12:05]} 22. b3 {[%clk 0:49:05]}  a5 {[%clk 1:02:45]} 23. Nc2 {[%clk 0:49:25]}  b5 {[%clk 1:03:07]} 24. Nce3 {[%clk 0:48:55]}  bxc4 {[%clk 1:02:59]} 25. Nxc4 {[%clk 0:48:37]}  Rc5 {[%clk 1:02:05]} 26. Nce3 {[%clk 0:44:37]}  Bd8 {[%clk 0:42:36]} 27. Rfd1 {[%clk 0:44:28]}  Bb6 {[%clk 0:41:20]} 28. Rd2 {[%clk 0:37:24]}  Rc6 {[%clk 0:34:33]} 29. Bf1 {[%clk 0:33:18]}  Bc5 {[%clk 0:25:33]} 30. Bc4 {[%clk 0:29:32]}  Rd8 {[%clk 0:19:06]} 31. Rad1 {[%clk 0:26:22]}  Rcd6 {[%clk 0:15:45]} 32. Nf5+ {[%clk 0:20:33]}  Bxf5 {[%clk 0:16:09]} 33. gxf5 {[%clk 0:20:49]}  Bb4 {[%clk 0:12:08]} 34. Rc2 {[%clk 0:20:02]}  Rc8 {[%clk 0:11:52]} 35. Rcc1 {[%clk 0:19:21]}  Nxd5 {[%clk 0:10:04]} 36. Bxd5 {[%clk 0:19:29]}  Rdd8 {[%clk 0:10:23]} *

[Event "Masters Tournament (MTO)"]
[Site "Biel, CH"]
[Date "2025.07.16"]
[Round "3"]
[White "Harish, Neeraj"]
[Black "Schaffner, David"]
[Result "1/2-1/2"]
[Board "39"]
[WhiteFideId "30958130"]
[BlackFideId "1310607"]
[WhiteTitle "CM"]
[WhiteElo "2212"]
[BlackElo "1980"]
[WhiteTeam "USA"]
[BlackTeam "SUI"]
[WhiteClock "0:24:00"]
[BlackClock "0:02:34"]
[Variant "Standard"]

1. d4 {[%clk 1:40:56]}  Nf6 {[%clk 1:40:43]} 2. Nf3 {[%clk 1:41:13]}  g6 {[%clk 1:40:48]} 3. c4 {[%clk 1:41:28]}  Bg7 {[%clk 1:41:04]} 4. Nc3 {[%clk 1:41:50]}  d5 {[%clk 1:41:19]} 5. e3 {[%clk 1:42:07]}  O-O {[%clk 1:41:22]} 6. Qb3 {[%clk 1:42:22]}  c6 {[%clk 1:33:30]} 7. a4 {[%clk 1:42:31]}  e6 {[%clk 1:31:03]} 8. a5 {[%clk 1:16:35]}  Nbd7 {[%clk 1:07:53]} 9. Be2 {[%clk 1:12:40]}  Ne8 {[%clk 0:53:39]} 10. O-O {[%clk 1:35:17]}  Nd6 {[%clk 0:44:45]} 11. c5 {[%clk 1:26:04]}  Nf5 {[%clk 0:44:11]} 12. Rd1 {[%clk 1:25:42]}  e5 {[%clk 0:40:31]} 13. dxe5 {[%clk 1:15:23]}  Nxe5 {[%clk 0:36:10]} 14. Nxe5 {[%clk 1:06:35]}  Bxe5 {[%clk 0:33:24]} 15. Ra4 {[%clk 1:02:07]}  Qc7 {[%clk 0:22:35]} 16. f4 {[%clk 0:59:45]}  Bg7 {[%clk 0:24:26]} 17. Qc2 {[%clk 0:52:13]}  Qe7 {[%clk 0:22:29]} 18. Qd3 {[%clk 0:44:13]}  Qxc5 {[%clk 0:22:13]} 19. Bf3 {[%clk 0:42:36]}  Re8 {[%clk 0:18:35]} 20. Kf2 {[%clk 0:41:42]}  Nd6 {[%clk 0:14:56]} 21. Ne2 {[%clk 0:34:31]}  Bf5 {[%clk 0:13:44]} 22. Qa3 {[%clk 0:33:12]}  Qxa3 {[%clk 0:13:08]} 23. Rxa3 {[%clk 0:33:36]}  Bc2 {[%clk 0:11:28]} 24. Rd2 {[%clk 0:33:17]}  Ne4+ {[%clk 0:11:40]} 25. Bxe4 {[%clk 0:33:38]}  Bxe4 {[%clk 0:12:06]} 26. b4 {[%clk 0:33:13]}  a6 {[%clk 0:11:41]} 27. Bb2 {[%clk 0:33:21]}  f6 {[%clk 0:05:00]} 28. Bd4 {[%clk 0:30:50]}  Kf7 {[%clk 0:07:34]} 29. Nc3 {[%clk 0:29:16]}  Bf8 {[%clk 0:04:20]} 30. Rb3 {[%clk 0:29:26]}  Rad8 {[%clk 0:03:51]} 31. Na4 {[%clk 0:29:18]}  Bd6 {[%clk 0:03:31]} 32. Nc5 {[%clk 0:24:58]}  Re7 {[%clk 0:02:45]} 33. Kg1 {[%clk 0:24:00]}  Bf5 {[%clk 0:02:34]} 1/2-1/2

[Event "Masters Tournament (MTO)"]
[Site "Biel, CH"]
[Date "2025.07.16"]
[Round "3"]
[White "Zhang, Haoxuan"]
[Black "Monteverde, Jonathan"]
[Result "*"]
[Board "40"]
[WhiteFideId "8641552"]
[BlackFideId "1314580"]
[WhiteElo "1979"]
[BlackElo "2127"]
[WhiteTeam "CHN"]
[BlackTeam "SUI"]
[WhiteClock "0:30:29"]
[BlackClock "0:00:33"]
[Variant "Standard"]

1. e4 {[%clk 1:40:55]}  c5 {[%clk 1:40:53]} 2. Nf3 {[%clk 1:41:09]}  d6 {[%clk 1:41:20]} 3. d4 {[%clk 1:41:29]}  cxd4 {[%clk 1:41:26]} 4. Nxd4 {[%clk 1:41:52]}  Nf6 {[%clk 1:41:52]} 5. Nc3 {[%clk 1:42:14]}  a6 {[%clk 1:42:17]} 6. Bd3 {[%clk 1:42:32]}  Nc6 {[%clk 1:42:00]} 7. Nxc6 {[%clk 1:40:13]}  bxc6 {[%clk 1:42:13]} 8. b3 {[%clk 1:39:27]}  e5 {[%clk 1:39:47]} 9. Qe2 {[%clk 1:36:13]}  Be7 {[%clk 1:39:24]} 10. O-O {[%clk 1:35:04]}  O-O {[%clk 1:39:36]} 11. Bb2 {[%clk 1:33:22]}  Bg4 {[%clk 1:26:42]} 12. Qe1 {[%clk 1:25:07]}  Nh5 {[%clk 1:18:32]} 13. h3 {[%clk 1:19:08]}  Be6 {[%clk 1:18:01]} 14. Ne2 {[%clk 1:18:24]}  Bg5 {[%clk 1:15:54]} 15. c4 {[%clk 1:08:35]}  g6 {[%clk 1:13:06]} 16. Qc3 {[%clk 1:10:22]}  f5 {[%clk 0:54:20]} 17. exf5 {[%clk 1:06:59]}  gxf5 {[%clk 0:55:25]} 18. f4 {[%clk 1:02:28]}  Bf6 {[%clk 0:55:41]} 19. fxe5 {[%clk 1:02:43]}  Bxe5 {[%clk 0:51:40]} 20. Qc2 {[%clk 1:00:55]}  Qg5 {[%clk 0:47:52]} 21. Rf3 {[%clk 0:59:25]}  c5 {[%clk 0:41:26]} 22. Raf1 {[%clk 0:44:47]}  f4 {[%clk 0:37:53]} 23. Bxh7+ {[%clk 0:40:01]}  Kg7 {[%clk 0:35:35]} 24. Be4 {[%clk 0:36:39]}  Ra7 {[%clk 0:34:53]} 25. Qd2 {[%clk 0:32:56]}  Rd7 {[%clk 0:29:01]} 26. Nxf4 {[%clk 0:15:40]}  Kh6 {[%clk 0:24:52]} 27. h4 {[%clk 0:38:15]}  Qxf4 {[%clk 0:10:22]} 28. Rxf4 {[%clk 0:38:40]}  Bxf4 {[%clk 0:10:13]} 29. Rxf4 {[%clk 0:37:26]}  Nxf4 {[%clk 0:10:14]} 30. g3 {[%clk 0:37:51]}  d5 {[%clk 0:07:50]} 31. cxd5 {[%clk 0:38:09]}  Bxd5 {[%clk 0:08:05]} 32. gxf4 {[%clk 0:37:57]}  Bc6 {[%clk 0:04:42]} 33. Qg2 {[%clk 0:30:46]}  Bxe4 {[%clk 0:04:41]} 34. Qxe4 {[%clk 0:30:40]}  Rd1+ {[%clk 0:05:00]} 35. Kh2 {[%clk 0:31:04]}  Rd2+ {[%clk 0:05:25]} 36. Kh3 {[%clk 0:31:29]}  Rxb2 {[%clk 0:05:46]} 37. Qe6+ {[%clk 0:30:33]}  Kh7 {[%clk 0:06:09]} 38. Qe7+ {[%clk 0:30:21]}  Kg8 {[%clk 0:06:31]} 39. h5 {[%clk 0:30:16]}  Rf5 {[%clk 0:00:33]} 40. Qe8+ {[%clk 0:30:29]} *